000 00715cab a2200217 4500
001 WB3407-39
008 090401t1998 xxu||||| |||| 00| 0 eng d
035 _a(Sirsi) u84343
041 _aeng
245 _aProblems of ownership
260 _c1998
350 _a0
490 _aBirmingham Post
_v19 February 1998, 45(1)
520 _aA warning for landlords and tenants to look at the small print on service charge sinking funds, so as to determine who owns them. Refers to "SoS for the Environment v Possfund (North West) Ltd" (Abs57778).
650 _aOWNERSHIP
650 _aSERVICE CHARGES
650 _aSINKING FUNDS
690 _aPROPERTY-LANDLORD AND TENANT
942 _n0
948 _c19/02/1998
999 _c53005
_d53005